Wszystko o Konfederacji - Statystyki

Ogólne statystyki
  • Ten quiz został rozwiązany 58 razy
  • Średni wynik to 17 z 21
Statystyki odpowiedzi
Opis Odpowiedź % Poprawnych
Liderzy ugrupowania Sławomir Mentzen
100%
Prezes Nowej Nadziei Sławomir Mentzen
100%
Kandydat Konfederacji na prezydenta RP w 2025 roku Sławomir Mentzen
100%
Dawny prezes partii Janusz Korwin-Mikke
96%
Lider odłączonej partii Grzegorz Braun
92%
Krzysztof Bosak
92%
Prezes Ruchu Narodowego Krzysztof Bosak
92%
Nowa Nadzieja
92%
Data założenia partii (rok) 2019
90%
Liczba eurodeputowanych 5
90%
Dawna nazwa Nowej Nadziei ( partia [...]) KORWiN
90%
Partie z których składa się ugrupowanie Ruch Narodowy
88%
Eurodeputowana nazywana "królową Konfederacji" oraz "królową polskiej prawicy" Ewa Zajączkowska-Hernik
85%
Obecna ilość mandatów w Sejmie 16
83%
Partia, która odłączyła się od Konfederacji w styczniu 2025r. Konfederacja Korony Polskiej
83%
Rozwiń skrót WiN Wolność i Niepodległość
83%
Największe miasto, w którym kandydat Konfederacji wygrał wybory na prezydenta Bełchatów
71%
Poseł na Sejm, który wniósł na salę plenarną "jointa" tj. papierosa z marihuaną Konrad Berkowicz
58%
Prezydent tego miasta Patryk Marjan
58%
Młodzieżówka Nowej Nadziei Młodzi dla Wolności
46%
Młodzieżówka Ruchu Narodowego Młodzież Wszechpolska
38%
Nie znaleziono quizów pasujących do podanych kryteriów
Rozkład punktacji
Procent ludzi z każdym wynikiem
Percentyl według liczby udzielonych odpowiedzi
Twoja historia wyników
Nie rozwiązałeś tego quizu